Plan de manejo de los humedales de la reserva de la biósfera El Tuparro : (Registro nro. 8635)

Detalles MARC
000 -CABECERA
Campo de control 01187nam a2200289 a 4500
005 - FECHA Y HORA DE LA ULTIMA TRANSACCION
Campo de control 20200104041628.0
008 - ELEMENTOS DE LONGITUD FIJA—INFORMACION GENERAL
Campo de control 140530s2009 ck a gr 00010 spa d
020 ## - ISBN
ISBN 9789588554037
041 ## - IDIOMA
Código de idioma para texto/pista de sonido o título separado Español
043 ## - GEOGRAPHIC AREA CODE
Geographic area code s-ck---
044 ## - PAÍS DE PUBLICACIÓN
País de publicación Colombia
082 04 - NUMERO DE CLASIFICACION DECIMAL DEWEY
Número de clasificación 333.918
Número del ítem G56p
100 1# - ASIENTO PRINCIPAL--NOMBRE PERSONAL
Nombre personal Gómez Camelo, Isabel.
245 10 - MENCION DE TITULO
Título Plan de manejo de los humedales de la reserva de la biósfera El Tuparro :
Parte restante del título jurisdicción Puerto Carreño /
Mención de responsabilidad Isabel Gómez Camelo...(et al.)
260 ## - PUBLICACION, DISTRIBUCION, ETC. (PIE DE IMPRENTA)
Lugar de publicación, distribución, etc. Bogotá D.C
Nombre del editor, distribuidor, etc. Fundación Omacha
-- Fundación Horizonte Verde
Fecha de publicación, distribución, etc. 2009.
300 ## - DESCRIPCION FISICA
Extensión 97 p.
Otros detalles físicos Il., mapas, tablas.
Dimensiones 28 cm.
504 ## - NOTA DE BIBLIOGRAFIA, ETC.
Nota de bibliografía Incluye referencias bibliográficas (pag 95-97)
650 #6 - ASIENTO SECUNDARIO DE MATERIA - TERMINO TEMATICO
Término temático o nombre geográfico como elemento de entrada Protección de humedales
Subdivisión geográfica Puerto Carreño (Vichada, Colombia)
650 #4 - ASIENTO SECUNDARIO DE MATERIA - TERMINO TEMATICO
Término temático o nombre geográfico como elemento de entrada Protección de humedales
Subdivisión geográfica Reserva de Biósfera El Tuparro (Vichada, Colombia)
650 #4 - ASIENTO SECUNDARIO DE MATERIA - TERMINO TEMATICO
Término temático o nombre geográfico como elemento de entrada Desarrollo sostenible
Subdivisión geográfica Reserva de Biósfera El Tuparro (Vichada, Colombia)
650 #4 - ASIENTO SECUNDARIO DE MATERIA - TERMINO TEMATICO
Término temático o nombre geográfico como elemento de entrada Humedales
Subdivisión geográfica Reserva de Biósfera El Tuparro (Vichada, Colombia)
700 1# - ASIENTO SECUNDARIO - NOMBRE PERSONAL
Nombre personal Trujillo, Fernando.
700 1# - ASIENTO SECUNDARIO - NOMBRE PERSONAL
Nombre personal Suárez, César.
942 ## - ELEMENTOS ADICIONALES (KOHA)
Sistema de clasificación Dewey Decimal Classification
Tipo de ítem Libro
Koha issues (borrowed), all copies 1
Existencias
Withdrawn status Lost status Sistema de Clasificación Damaged status No para préstamo Colección Inventariado Ubicación Permanente Ubicación actual Fecha de adquisición Fuente de Valor Valor Total Checkouts Número topográfico Inventario / Código de Barras Date last seen Date checked out Ejemplar Price effective from Forma de adquisición Tipo de material
    Dewey Decimal Classification     General Inventariado 2017 Bogotá Bogotá 29/08/2014 Instituto 39000.00 1 LB-333.918 G56p 034610 25/03/2015 25/03/2015 Ej. 1 29/08/2014   Libro
    Dewey Decimal Classification     General Inventariado 2017 Bogotá Bogotá 03/07/2015 Instituto 39000.00   LB-333.918 G56p 042036 03/07/2015   Ej. 3 03/07/2015   Libro
    Dewey Decimal Classification     General Inventariado 2017 Sala Fabio Quevedo Sala Fabio Quevedo 26/06/2015 Instituto 39000.00   LB-333.918 G56p 038918 01/07/2015   Ej. 2 26/06/2015   Libro